Prešov a okolie

Bibliographic Details
Main Author: Sedlák, Imrich, 1933-2016 (Author)
Format: Book
Language:Undetermined
PhysicalDescription:85 s.
Published: Košice Východoslov. vydavateľstvo 1969

MARC

LEADER 00000nam a2200000 a 4500
001 vtls001347777
003 SK-MaSNL
005 20260301200746.0
008 240318s1969 xo 0 und
035 |a SNK000301045 
040 |a SNK  |b slo  |c SNK  |e AACR2 
044 |a xo  |c SK 
100 1 |a Sedlák, Imrich,  |d 1933-2016  |4 aut  |9 103252 
245 1 0 |a Prešov a okolie 
260 |a Košice  |b Východoslov. vydavateľstvo  |c 1969 
300 |a 85 s. 
958 |a OND 
999 |c 891949  |d 893879 
952 |a SNK  |b SNK  |y PREZ  |7 0  |p 17A0884447  |o snkSD 36314   |0 0  |1 0  |4 0  |d 2013-08-12  |l 0  |r 2026-02-24 06:47:24  |w 2026-02-24 
952 |t P60, <04>, [BOOK], {604}  |a SNK  |b SNK  |y VYP  |7 0  |p 17A0167316  |o snkSD 36314 D1  |0 0  |1 0  |4 0  |d 1998-11-10  |l 0  |r 2005-01-02 00:00:00  |w 2026-02-24